|
|
|
|
| LEADER |
00000nab a2200000 a 4500 |
| 001 |
vtls010257630 |
| 003 |
SK-MaSNL |
| 005 |
20260304161826.0 |
| 008 |
25050729c2008 xo o |||||||||||||||slon |
| 015 |
|
|
|a SNBRB2009/01
|
| 035 |
|
|
|a SVKKK000093554
|
| 035 |
|
|
|a urn:nbn:sk:snk-ab17ma
|
| 035 |
|
|
|a (urnnbn)urn:nbn:sk:snk:ar-a04sfn
|
| 035 |
|
|
|a (uuid)6a2f6813-749a-443b-adbf-ae49be3c79fd
|
| 038 |
|
|
|a SVKKK
|
| 040 |
|
|
|a SNKBUCL
|b slo
|c SNKBUCL
|e AACR2
|
| 041 |
0 |
|
|a eng
|b slo
|
| 044 |
|
|
|a xo
|c SK
|
| 080 |
|
|
|a 556.161
|x (437.6)
|2 1997
|
| 245 |
0 |
0 |
|a Regionalisation of rainfall-runoff model parameters based on geographical location of gauged catchments
|c Marcel Zvolenský ... [et al.]
|
| 300 |
|
|
|b Obr., tab.
|
| 504 |
|
|
|a Bibliogr. odkazy
|
| 504 |
|
|
|a Res. angl., slov.
|
| 650 |
0 |
7 |
|a zrážkovo-odtokový model
|x regionalizácia parametrov
|z Hron (Slovensko)
|2 snkbucl
|9 1486397
|
| 651 |
|
7 |
|a Hron (Slovensko : rieka)
|2 snkbucl
|9 175618
|
| 700 |
1 |
|
|a Zvolenský, Marcel
|4 aut
|9 816705
|
| 700 |
1 |
|
|a Kohnová, Silvia,
|d 1960-
|4 aut
|9 12220
|
| 700 |
1 |
|
|a Hlavčová, Kamila,
|d 1959-
|4 aut
|9 211393
|
| 700 |
1 |
|
|a Szolgay, Ján,
|d 1953-
|4 aut
|9 200022
|
| 700 |
1 |
|
|a Parajka, Juraj,
|d 1970-
|4 aut
|9 19569
|
| 773 |
0 |
|
|t Journal of hydrology and hydromechanics
|g Roč. 56, č. 3 (2008), s. 176-189
|x 0042-790X
|
| 850 |
|
|
|a Slovenská národná knižnica
|
| 852 |
|
|
|a Slovenská národná knižnica
|
| 958 |
|
|
|a article27
|
| 958 |
|
|
|a NB
|
| 958 |
|
|
|a SK
|
| 958 |
|
|
|a OND
|
| 958 |
|
|
|a EUIPO
|
| 999 |
|
|
|c 2972385
|d 2974315
|